000 00297nam a2200121 i 4500
001 bg
245 0 _aPolski słownik biograficzny.
_nT.2,
_pBeyzym Jan-Brownsford Murja.
260 _aWrocław,
_c1977.
040 _cBPK
041 _apol
942 _cKS
008 s pl f |000 0 pol
999 _c34857
_d34857
856 _uhttp://koha.tu.koszalin.pl/cgi-bin/koha/opac-detail.pl?biblionumber=34857
_yKatalog online BPK